000 00742nam a2200265 i 4500
001 C2-0285172
003 PPAK
005 20180728014912.0
008 071226s2007 my a|||| ||||| | may d
020 _a9833627692
040 _aPPAK
_beng
_cPPAK
_erda
082 0 4 _a910
_223
090 0 0 _a910
_bWAN
_dK
100 0 _aWan Maizura Wan Mahmud,
_eauthor
245 1 0 _aMonumen bersejarah
264 1 _aPetaling Jaya, Selangor :
_bPustaka Rubiah ,
_c2007
300 _a60 pages :
_billustrations ;
_c26 cm
336 _2rdacontent
_atext
337 _2rdamedia
_aunmediated
338 _2rdacarrier
_avolume
490 1 _aSiri warisan manusia sejagat
650 1 0 _aMonuments.
830 0 _aSiri warisan manusia sejagat
942 _ddc
_cB
999 _c91086
_d91086